Analectas / (Record no. 58698)

MARC details
000 -LEADER
campo de control de longitud fija 00547nam a2200181 i 4500
001 - NÚMERO DE CONTROL
campo de control 58698
003 - IDENTIFICADOR DE NÚMERO DE CONTROL
campo de control ES-MaACL
005 - FECHA Y HORA DE LA ÚLTIMA TRANSACCIÓN
campo de control 20240518063029.0
007 - CAMPO FIJO DE DESCRIPCIÓN FÍSICA--INFORMACIÓN GENERAL
campo de control de longitud fija t|
008 - DATOS DE LONGITUD FIJA--INFORMACIÓN GENERAL
campo de control de longitud fija 031023s1919 mx ||||1| spa d
100 1# - ENTRADA PRINCIPAL--NOMBRE DE PERSONA
Nombre de persona Queirós, Eça de,
Fechas asociadas al nombre 1845-1900
9 (RLIN) 94499
245 10 - MENCIÓN DEL TÍTULO
Título Analectas /
Mención de responsabilidad, etc. José María Eça de Queiroz ; elección y prólogo de Alejandro Quijano.
260 ## - PUBLICACIÓN, DISTRIBUCIÓN, ETC.
Lugar de publicación, distribución, etc. México :
Nombre del editor, distribuidor, etc. Cultura,
Fecha de publicación, distribución, etc. 1919.
500 ## - NOTA GENERAL
Nota general Tomo IX, núm. 5.
700 1# - ENTRADA AGREGADA--NOMBRE PERSONAL
Nombre de persona Quijano, Alejandro.
9 (RLIN) 94615
852 ## - LOCALIZACIÓN
Ubicación ES-MaACL
Número de control de estantería 1487-F-18
Holdings
Estatus retirado Estado de pérdida Estado de daño No para préstamo Colección Biblioteca de origen Biblioteca actual Ubicación en estantería Fecha de adquisición Fuente de adquisición Total de préstamos Signatura topográfica completa Código de barras Visto por última vez Precio de reemplazo Tipo de ítem Koha
        Colección de folletos Biblioteca del Ateneo de Madrid Biblioteca del Ateneo de Madrid Depósito folletos 17/01/2008     1487-F-18 1061579 23/02/2023 23/02/2023 Folleto